000 00547nam a22001697a 4500
005 20170920104038.0
010 _aENG-120458
020 _a9788123429007
_c85.00
035 _aEN-103990
037 _bDBAD/PUB
082 _a880.8
245 _aBrilliant english prose :
_cedited by K.Natarajan
_ban anthology of modern english prose /
260 _aChannai
_bNew Century Book House
_c2016
270 _a41-B,SIDCO Industrial Estate,Ambattur
_bChannai
_e600098
300 _avii,100p.
_c22cm(pbk)
942 _2ddc
_cEN
_h880.8
_mBRI
999 _c144988
_d144988